teenage dream - Olivia Rodrigo - Statistics

General Stats
  • This quiz has been taken 54 times
  • The average score is 283 of 335
Answer Stats
Hint Answer % Correct
you
100%
a
97%
I
97%
am
95%
my
95%
the
95%
to
95%
and
92%
And
92%
be
92%
be?
92%
being
92%
dream
92%
go
92%
gonna
92%
it
92%
It
92%
just
92%
me
92%
start
92%
stop
92%
teenage
92%
Verse 1 When
92%
when
92%
all
90%
But
90%
but
90%
could
90%
I'm
90%
that
90%
they
90%
Bridge They
90%
your
90%
age
87%
couldn't
87%
for
87%
Got
87%
got
87%
if
87%
of
87%
pretty
87%
say
87%
so
87%
sorry
87%
what
87%
What
87%
wise
87%
wise?
87%
years
87%
you're
87%
always
85%
better
85%
birthday
85%
don't?
85%
don't
85%
gets
85%
great
85%
happy
85%
Chorus I'll
85%
more
85%
nineteen
85%
only
85%
thing
85%
will
85%
Will
85%
ahead
82%
already
82%
best
82%
blow
82%
candles
82%
good?
82%
good
82%
grow
82%
guys?
82%
life
82%
parts
82%
whole
82%
back?
79%
beyond
79%
out
79%
Yeah
79%
feel
77%
misunderstood?
77%
Oh
77%
young
77%
fear
74%
wishing
74%
quietly
69%
rest
69%
spend
69%
are
67%
not
67%
sad?
67%
cool
64%
every
64%
everyone
64%
excuses
64%
intentions
64%
learning
64%
lessons
64%
enough?
62%
have
62%
call
59%
reason
59%
bluffs?
56%
eyed
54%
Outro Is
54%
wide
54%
affection
49%
does
46%
this
41%
Hi
33%
album
28%
Fart?
28%
next
28%
recording?
28%
should
26%
Saoirse
23%
Well
23%
title
18%
letter
15%
four
13%
guess
13%
No matching quizzes found
Score Distribution
Percent of People with Each Score
Percentile by Number Answered
Your Score History
You have not taken this quiz